00529nmm a2200169Ia 4500008004100000020001800041041000800059100002900067245006300096264005800159300001800217490003200235650001700267856005100284942000700335999001700342251105s9999||||xx |||||||||||||||||und|| a9788484898504 aspa aJulian Smith, Paul (ed.) 0aLa comedia y el melodrama en el audiovisual iberoamericano a[Madrid, España] :bIberoamericana Vervuert, c2015 a214 páginas aEdiciones de Iberoamericana aFilm studies uhttps://public.digitaliapublishing.com/a/56743 cCF c86847d86847